[Event "Novosibirsk Sibiria op-C"]
[Site "Novosibirsk"]
[Date "2007.07.26"]
[Round "6"]
[White "Akselrod, Vladislav"]
[Black "Grachev, Jury"]
[Result "0-1"]
[WhiteElo "2427"]
[BlackElo "2423"]
[PlyCount "54"]
[EventDate "2007.07.21"]
[EventType "swiss"]
[EventRounds "9"]
[EventCountry "RUS"]
[SourceTitle "EXT 2008"]
[Source "ChessBase"]
[SourceDate "2007.11.25"]
[SourceVersion "1"]
[SourceVersionDate "2007.11.25"]
[SourceQuality "1"]

1. d4 c5 2. d5 e5 3. e4 d6 4. Be2 Be7 5. Nf3 f5 6. Bb5+ Bd7 7. Bxd7+ Qxd7 8. Nc3 Na6 9. a4 Nf6 10. Ng5 Nc7 11. exf5 Qxf5 12. 0-0 h6 13. Nb5 Nfxd5 14. c4 a6 15. Nxc7+ Nxc7 16. Qf3 Qxf3 17. Nxf3 b5 18. axb5 axb5 19. Rxa8+ Nxa8 20. cxb5 Nc7 21. b6 Nd5 22. Be3 Kd7 23. Bxc5 e4 24. Rd1 exf3 25. Rxd5 Kc6 26. Bxd6 Bxd6 27. Rf5 Rf8 0-1

[Event "Novosibirsk Sibiria op-C"]
[Site "Novosibirsk"]
[Date "2007.07.22"]
[Round "2"]
[White "Garder, Igor"]
[Black "Grachev, Jury"]
[Result "1/2-1/2"]
[WhiteElo "2268"]
[BlackElo "2423"]
[PlyCount "62"]
[EventDate "2007.07.21"]
[EventType "swiss"]
[EventRounds "9"]
[EventCountry "RUS"]
[SourceTitle "EXT 2008"]
[Source "ChessBase"]
[SourceDate "2007.11.25"]
[SourceVersion "1"]
[SourceVersionDate "2007.11.25"]
[SourceQuality "1"]

1. Nf3 c5 2. c4 Nf6 3. Nc3 g6 4. d4 cxd4 5. Nxd4 Bg7 6. e3 Nc6 7. Be2 0-0 8. 0-0 d6 9. b3 d5 10. Nxc6 bxc6 11. Bb2 Re8 12. Rc1 a6 13. Rc2 Bf5 14. Rd2 Qb8 15. Qa1 dxc4 16. Bxc4 Ng4 17. g3 h5 18. e4 Bc8 19. Nd1 Ne5 20. Be2 Bh3 21. f4 Qb4 22. Rd4 Nf3+ 23. Bxf3 Bxd4+ 24. Bxd4 Bxf1 25. Kxf1 Rad8 26. Bc3 Qb5+ 27. Be2 Qc5 28. Bc4 h4 29. Nf2 Qe3 30. Qe1 Qf3 31. Bb2 Qh5 1/2-1/2

[Event "Novosibirsk-ch"]
[Site "Novosibirsk"]
[Date "2007.02.21"]
[Round "8"]
[White "Grachev, Jury"]
[Black "Novikova, Anna"]
[Result "1/2-1/2"]
[WhiteElo "2414"]
[BlackElo "2245"]
[PlyCount "61"]
[EventDate "2007.02.14"]
[EventType "swiss"]
[EventRounds "9"]
[EventCountry "RUS"]
[SourceTitle "EXT 2008"]
[Source "ChessBase"]
[SourceDate "2007.11.25"]
[SourceVersion "1"]
[SourceVersionDate "2007.11.25"]
[SourceQuality "1"]

1. Nf3 d5 2. b3 Nf6 3. Bb2 e6 4. g3 c5 5. Bg2 Nc6 6. 0-0 Be7 7. d3 0-0 8. Nbd2 Rb8 9. d4 b6 10. e3 Bb7 11. Re1 Ne4 12. dxc5 Nxd2 13. Nxd2 bxc5 14. e4 f5 15. exd5 exd5 16. Nf1 d4 17. Qe2 Rf7 18. c3 Bf6 19. Rad1 Qd7 20. cxd4 cxd4 21. Qb5 Rd8 22. Ne3 Ne5 23. Qxd7 Rfxd7 24. Bxb7 Rxb7 25. Kg2 dxe3 26. Rxd8+ Bxd8 27. Bxe5 exf2 28. Kxf2 Bb6+ 29. Kf3 Rd7 30. Re2 g5 31. h3 1/2-1/2

[Event "Novosibirsk-ch"]
[Site "Novosibirsk"]
[Date "2007.02.16"]
[Round "3"]
[White "Chigvintsev, Andrei"]
[Black "Grachev, Jury"]
[Result "0-1"]
[WhiteElo "2363"]
[BlackElo "2414"]
[PlyCount "105"]
[EventDate "2007.02.14"]
[EventType "swiss"]
[EventRounds "9"]
[EventCountry "RUS"]
[SourceTitle "EXT 2008"]
[Source "ChessBase"]
[SourceDate "2007.11.25"]
[SourceVersion "1"]
[SourceVersionDate "2007.11.25"]
[SourceQuality "1"]

1. d4 d5 2. Nf3 Nf6 3. c3 Bf5 4. Qb3 Qc8 5. Bf4 e6 6. Nbd2 h6 7. h3 c5 8. dxc5 Bxc5 9. Nd4 Bg6 10. Nb5 0-0 11. Nc7 Nc6 12. Nxa8 e5 13. Bh2 Qxa8 14. Nf3 Re8 15. e3 d4 16. Nh4 dxe3 17. fxe3 Be4 18. Bc4 Bxe3 19. Bxf7+ Kh7 20. Bxe8 Qxe8 21. Qd1 Nd5 22. Qe2 Qe7 23. Qg4 Nf6 24. Qe2 Nd5 25. Nf3 Nf4 26. Bxf4 exf4 27. Rd1 Qe6 28. Rd3 Bxd3 29. Qxd3+ Kh8 30. b3 Qe7 31. Kd1 Qa3 32. Qc2 Ne7 33. Nd2 b5 34. b4 Qa6 35. Ne4 Qg6 36. Nc5 Qh5+ 37. Qe2 Qd5+ 38. Ke1 Nf5 39. Rf1 Ng3 40. Qd3 Qxg2 41. Qd8+ Kh7 42. Qd3+ Kg8 43. Qd8+ Kf7 44. Qd7+ Kg6 45. Qd3+ Kg5 46. Qd8+ Kh5 47. Qd1+ Kg6 48. Qd3+ Kg5 49. Qd8+ Kf5 50. Qd3+ Ke5 51. Nd7+ Ke6 52. Nf8+ Kf7 53. Qd7+ 0-1

[Event "RUS-ch U26"]
[Site "Ufa"]
[Date "2004.05.12"]
[Round "8"]
[White "Grachev, Jury"]
[Black "Petrukhin, Denis"]
[Result "1-0"]
[WhiteElo "2363"]
[BlackElo "2340"]
[PlyCount "61"]
[EventDate "2004.05.??"]
[EventType "swiss"]
[EventRounds "9"]
[EventCountry "RUS"]
[SourceTitle "EXT 2005"]
[Source "ChessBase"]
[SourceDate "2004.11.15"]
[SourceVersion "1"]
[SourceVersionDate "2004.11.15"]
[SourceQuality "1"]

1. e4 e5 2. Bc4 Nc6 3. Nf3 Nf6 4. d3 h6 5. 0-0 d6 6. a4 g6 7. Re1 Bg7 8. c3 0-0 9. a5 Qe7 10. Nbd2 Nd8 11. d4 Nh7 12. Nf1 Ne6 13. Ne3 Nhg5 14. dxe5 dxe5 15. Nd5 Qd7 16. Nxg5 hxg5 17. Nb4 Qe7 18. a6 Rd8 19. Qb3 c6 20. Be3 Nf4 21. axb7 Bxb7 22. Ra5 Qd7 23. Na6 Bxa6 24. Rxa6 Nxg2 25. Bxf7+ Kh8 26. Be6 Qd3 27. Kxg2 Qxa6 28. Bxg5 Rab8 29. Qa2 Qxa2 30. Bxa2 Rd6 31. Re3 1-0

[Event "RUS-ch U26"]
[Site "Ufa"]
[Date "2004.05.09"]
[Round "5"]
[White "Karnaukhova, Elmira"]
[Black "Grachev, Jury"]
[Result "0-1"]
[WhiteElo "2236"]
[BlackElo "2363"]
[PlyCount "56"]
[EventDate "2004.05.??"]
[EventType "swiss"]
[EventRounds "9"]
[EventCountry "RUS"]
[SourceTitle "EXT 2005"]
[Source "ChessBase"]
[SourceDate "2004.11.15"]
[SourceVersion "1"]
[SourceVersionDate "2004.11.15"]
[SourceQuality "1"]

1. d4 d5 2. Nf3 Nf6 3. c4 dxc4 4. Nc3 a6 5. a4 Bf5 6. Nh4 Bg4 7. h3 Bh5 8. g4 Bg6 9. Nxg6 hxg6 10. e3 e5 11. Bxc4 Nc6 12. Qb3 Qd7 13. Bxf7+ Qxf7 14. Qxb7 Kd7 15. Qxa8 exd4 16. Bd2 Nxg4 17. 0-0-0 Nxf2 18. Rhf1 Nd3+ 19. Kb1 Qb3 20. Bc1 dxc3 21. Rxd3+ Bd6 22. Qxa6 Rb8 23. e4 Rb6 24. Qxb6 c2+ 25. Ka1 Qxa4+ 26. Ra3 Bxa3 27. b3 Qa8 28. Qb5 Bxc1+ 0-1

[Event "Internet Section 09A g/8'+2\""]
[Site "Dos Hermanas"]
[Date "2004.03.09"]
[Round "9"]
[White "Grachev, Jury"]
[Black "Komliakov, Viktor"]
[Result "1-0"]
[WhiteElo "2363"]
[BlackElo "2435"]
[PlyCount "103"]
[EventDate "2004.03.09"]
[EventType "swiss (blitz)"]
[EventRounds "9"]
[EventCountry "ESP"]
[SourceTitle "CBM 099 Extra"]
[Source "ChessBase"]
[SourceDate "2004.05.04"]
[SourceVersion "1"]
[SourceVersionDate "2004.05.04"]
[SourceQuality "1"]

1. e4 g6 2. d4 Bg7 3. Nc3 c6 4. Be3 Qb6 5. Rb1 d6 6. g3 Nd7 7. Bg2 Qc7 8. Nge2 Ngf6 9. h3 h5 10. Qd2 e5 11. 0-0 b5 12. a3 a6 13. f4 Bb7 14. dxe5 dxe5 15. f5 0-0 16. Bf3 a5 17. g4 hxg4 18. hxg4 b4 19. Nd1 Rfd8 20. Nf2 Nb6 21. Qc1 Nc4 22. g5 Nxe3 23. Qxe3 Nd7 24. f6 Bf8 25. Kg2 Bc5 26. Qc1 Kf8 27. Nd3 Bd6 28. Rh1 Ke8 29. Qe3 c5 30. Rh7 Nf8 31. Rg7 c4 32. Nf2 Bc5 33. Qc1 c3 34. bxc3 bxa3 35. Nd3 Bd6 36. c4 Ba6 37. Qe3 Bxc4 38. Nc3 Rab8 39. Rh1 Bxd3 40. Qxd3 Rb2 41. Kg3 Bb4 42. Nd5 Qc6 43. Rh8 Bd6 44. Ne7 Bxe7 45. fxe7 Kxe7 46. Qxa3+ Qd6 47. Qxb2 Ne6 48. Rxd8 Qxd8 49. Qb7+ Qc7 50. Qxc7+ Nxc7 51. Rh7 a4 52. Rh1 1-0

[Event "Internet Section 09A g/8'+2\""]
[Site "Dos Hermanas"]
[Date "2004.03.09"]
[Round "7"]
[White "Grachev, Jury"]
[Black "Pein, Malcolm"]
[Result "1-0"]
[WhiteElo "2363"]
[BlackElo "2422"]
[PlyCount "85"]
[EventDate "2004.03.09"]
[EventType "swiss (blitz)"]
[EventRounds "9"]
[EventCountry "ESP"]
[SourceTitle "CBM 099 Extra"]
[Source "ChessBase"]
[SourceDate "2004.05.04"]
[SourceVersion "1"]
[SourceVersionDate "2004.05.04"]
[SourceQuality "1"]

1. e4 d6 2. d4 Nf6 3. Bd3 g6 4. f4 Bg7 5. Nf3 0-0 6. 0-0 Nc6 7. c3 e5 8. fxe5 dxe5 9. d5 Ne7 10. c4 c6 11. Nc3 cxd5 12. cxd5 Qb6+ 13. Kh1 Bg4 14. Qe2 Nc8 15. Be3 Qa5 16. Qf2 Nd6 17. Nxe5 Nfxe4 18. Nxe4 Nxe4 19. Bxe4 Bxe5 20. Bc5 Qd8 21. Bxf8 Qxf8 22. h3 Bd7 23. d6 Be6 24. d7 Bxd7 25. Bxb7 Rb8 26. Bd5 Rxb2 27. Qxf7+ Qxf7 28. Rxf7 Bc6 29. Rd7+ Bxd5 30. Rxd5 Re2 31. Rb1 Kg7 32. Rd7+ Kf6 33. Rxa7 h5 34. a4 Ra2 35. a5 Kf5 36. a6 Bd4 37. Ra8 g5 38. Rf1+ Ke4 39. Re8+ Kd3 40. Rfe1 Rxa6 41. Rd1+ Kc4 42. Rc8+ Bc5 43. Rc1+ 1-0

[Event "Novosibirsk Region-ch"]
[Site "Novosibirsk"]
[Date "2003.??.??"]
[Round "8"]
[White "Grachev, Jury"]
[Black "Nam, Konstantin"]
[Result "0-1"]
[WhiteElo "2371"]
[BlackElo "2194"]
[PlyCount "108"]
[EventDate "2003.??.??"]
[EventType "swiss"]
[EventRounds "9"]
[EventCountry "RUS"]
[SourceTitle "EXT 2008"]
[Source "ChessBase"]
[SourceDate "2007.11.25"]
[SourceVersion "1"]
[SourceVersionDate "2007.11.25"]
[SourceQuality "1"]

1. e4 c6 2. d4 d5 3. e5 Bf5 4. h4 h5 5. c4 e6 6. Nc3 Nd7 7. cxd5 exd5 8. Nge2 Be7 9. Ng3 Bg4 10. Be2 Bxe2 11. Qxe2 g6 12. e6 Nf8 13. exf7+ Kxf7 14. Qf3+ Kg7 15. Bf4 Bxh4 16. 0-0-0 Bg5 17. Rde1 Qf6 18. Bxg5 Qxg5+ 19. Kb1 h4 20. Nge2 Qf5+ 21. Qxf5 gxf5 22. Nf4 Rh6 23. Re5 Kf6 24. Nd1 Ng6 25. Re6+ Kf7 26. Rxg6 Rxg6 27. Nxg6 Kxg6 28. Rxh4 Nf6 29. Kc2 Re8 30. Rh1 Re4 31. Kd3 Nh5 32. g3 Kg5 33. Nc3 Re7 34. Ne2 f4 35. b4 fxg3 36. fxg3 Kg4 37. Rh4+ Kg5 38. Rh1 Re4 39. a4 a6 40. Rh2 Re8 41. Rf2 Nf6 42. Rf1 Re7 43. b5 axb5 44. axb5 Nh5 45. Rc1 Re6 46. b6 Kg4 47. Rf1 Rxe2 48. Rf7 Rb2 49. Rxb7 Kxg3 50. Kc3 Rb5 51. Rh7 Nf6 52. Rg7+ Kf4 53. Rb7 Ke3 54. Rb8 Ne4+ 0-1

[Event "Sibiria Region-ch"]
[Site "Novosibirsk"]
[Date "2003.??.??"]
[Round "8"]
[White "Grachev, Jury"]
[Black "Oganisjan, Roman"]
[Result "1/2-1/2"]
[WhiteElo "2428"]
[BlackElo "2339"]
[PlyCount "93"]
[EventDate "2003.05.??"]
[EventType "swiss"]
[EventRounds "9"]
[EventCountry "RUS"]
[SourceTitle "EXT 2008"]
[Source "ChessBase"]
[SourceDate "2007.11.25"]
[SourceVersion "1"]
[SourceVersionDate "2007.11.25"]
[SourceQuality "1"]

1. e4 c5 2. Nf3 d6 3. d4 cxd4 4. Qxd4 Nc6 5. Bb5 Bd7 6. Bxc6 Bxc6 7. Nc3 Nf6 8. Bg5 Qa5 9. 0-0-0 Qc5 10. Rhe1 Qxd4 11. Nxd4 h6 12. Bh4 Rc8 13. Nf5 Bd7 14. Bxf6 gxf6 15. Nd5 Rc5 16. f3 h5 17. b4 Rc8 18. Kb2 Kd8 19. Nfe3 Bg7 20. Nf5 Bf8 21. Nf4 h4 22. Re2 b5 23. c3 Rc4 24. Ne3 Rc6 25. g4 hxg3 26. hxg3 e6 27. Rdd2 Bg7 28. Rd3 Ke7 29. g4 Rhc8 30. Nh5 Kf8 31. Red2 Be8 32. Nxg7 Kxg7 33. Nd1 Rd8 34. Kb3 Kf8 35. Ne3 Ke7 36. c4 bxc4+ 37. Nxc4 Ra6 38. Nb2 Rb8 39. Rc3 Rc6 40. Rdc2 Rbc8 41. Nc4 Bd7 42. a3 f5 43. gxf5 exf5 44. Kb2 fxe4 45. fxe4 Be6 46. Na5 Rxc3 47. Rxc3 1/2-1/2

[Event "Novosibirsk Region-ch"]
[Site "Novosibirsk"]
[Date "2003.??.??"]
[Round "3"]
[White "Grachev, Jury"]
[Black "Verzhansky, Alexander"]
[Result "1-0"]
[WhiteElo "2371"]
[BlackElo "2327"]
[PlyCount "94"]
[EventDate "2003.??.??"]
[EventType "swiss"]
[EventRounds "9"]
[EventCountry "RUS"]
[SourceTitle "EXT 2008"]
[Source "ChessBase"]
[SourceDate "2007.11.25"]
[SourceVersion "1"]
[SourceVersionDate "2007.11.25"]
[SourceQuality "1"]

1. e4 c5 2. Nf3 Nc6 3. Bb5 g6 4. Bxc6 dxc6 5. h3 c4 6. Qe2 b5 7. a4 a6 8. d4 cxd3 9. cxd3 Bg7 10. axb5 cxb5 11. d4 Bb7 12. Nc3 Nf6 13. d5 0-0 14. 0-0 e6 15. dxe6 fxe6 16. Bg5 Qe8 17. e5 Nd7 18. Ne4 Bxe4 19. Qxe4 Rf5 20. Bf4 Nc5 21. Qe3 Qf8 22. Bg3 Bh6 23. Qe2 Qc8 24. Nd4 Rf7 25. Qg4 b4 26. Rfd1 Rd7 27. Bh4 Rd5 28. Bf6 Qd7 29. Nf5 Bf8 30. Ne3 Rxd1+ 31. Rxd1 Qb7 32. Rd4 a5 33. h4 Bg7 34. h5 Bxf6 35. exf6 Qf7 36. Qg5 Nd7 37. hxg6 Qxf6 38. gxh7+ Kh8 39. Qg4 Ne5 40. Qe4 Rc8 41. Rd1 Rf8 42. f3 Qg5 43. Kf2 Rf4 44. Qb7 Qh4+ 45. Ke2 Rf8 46. Qc7 Qf6 47. Qd6 b3 1-0

[Event "Chigorin Memorial-B 10th"]
[Site "St Petersburg"]
[Date "2002.10.27"]
[Round "3"]
[White "Grachev, Jury"]
[Black "Golovchenko, Gleb"]
[Result "1-0"]
[WhiteElo "2395"]
[BlackElo "2269"]
[PlyCount "105"]
[EventDate "2002.10.25"]
[EventType "swiss"]
[EventRounds "9"]
[EventCountry "RUS"]
[SourceTitle "EXT 2003"]
[Source "ChessBase"]
[SourceDate "2002.11.25"]
[SourceVersion "1"]
[SourceVersionDate "2002.11.25"]
[SourceQuality "1"]

1. e4 c5 2. Nf3 Nc6 3. Bb5 g6 4. Bxc6 bxc6 5. d3 Bg7 6. 0-0 d6 7. Ne1 Nh6 8. f4 f5 9. Nf3 0-0 10. Qe2 Nf7 11. c4 e5 12. Nc3 exf4 13. Bxf4 g5 14. Bd2 f4 15. h3 Rb8 16. Rab1 Rb7 17. Nd1 Ne5 18. Bc3 Bf6 19. Nf2 Qe8 20. Rfd1 h5 21. Kf1 Rg7 22. Bxe5 dxe5 23. Ke1 g4 24. hxg4 hxg4 25. Ng1 Bh4 26. Kd2 f3 27. gxf3 gxf3 28. Nxf3 Bxf2 29. Qxf2 Bg4 30. Qxc5 Rxf3 31. Kc2 Rgf7 32. Rd2 Qe6 33. Rg1 R3f4 34. Rh2 Qf6 35. Kc3 Rg7 36. Rgh1 Qe7 37. Qxc6 Qd7 38. Rh8+ Kf7 39. Qxd7+ Bxd7 40. Ra8 Ke7 41. Rxa7 Rf6 42. Rh5 Re6 43. b4 Kd8 44. b5 Rge7 45. Rh8+ Re8 46. Ra8+ Kc7 47. Raxe8 Bxe8 48. a4 Re7 49. a5 Kb7 50. Kb4 Ka7 51. c5 Bg6 52. b6+ Kb7 53. a6+ 1-0